ARRUPE JESUIT UNIVERSITY

CORONAVIRUS -STOP THE SPREAD - CLEAN,DISINFECT,COVER

In the beginning God created them equal (Record no. 61789)

MARC details
000 -LEADER
fixed length control field 00620nam a2200229Ia 4500
003 - CONTROL NUMBER IDENTIFIER
control field 0100
005 - DATE AND TIME OF LATEST TRANSACTION
control field 20190509095956.0
008 - FIXED-LENGTH DATA ELEMENTS--GENERAL INFORMATION
fixed length control field 130303s9999 xx 000 0 und d
040 ## - CATALOGING SOURCE
Transcribing agency ARRUPELIB
050 ## - LIBRARY OF CONGRESS CALL NUMBER
Classification number BV830.K45 2000
300 ## - PHYSICAL DESCRIPTION
Dimensions 21cm.
100 ## - MAIN ENTRY--PERSONAL NAME
Personal name Kholowa, Janet Y.
9 (RLIN) 46338
245 ## - TITLE STATEMENT
Title In the beginning God created them equal
Statement of responsibility, etc janet Y. Kholowa and Klaus Fiedler
260 ## - PUBLICATION, DISTRIBUTION, ETC. (IMPRINT)
Place of publication, distribution, etc Blantyre
Name of publisher, distributor, etc Christian Literature Association in Malawi
Date of publication, distribution, etc 2000
300 ## - PHYSICAL DESCRIPTION
Extent 27p. ;
440 ## - SERIES STATEMENT/ADDED ENTRY--TITLE
Title Mvunguti Book No. 4
9 (RLIN) 46339
650 ## - SUBJECT ADDED ENTRY--TOPICAL TERM
Topical term or geographic name as entry element Marriage
9 (RLIN) 46340
700 ## - ADDED ENTRY--PERSONAL NAME
Personal name Fiedler, Klaus
9 (RLIN) 46341
942 ## - ADDED ENTRY ELEMENTS (KOHA)
Source of classification or shelving scheme Library of Congress Classification
Koha item type Monograph ( Printed materials)
Holdings
Withdrawn status Lost status Source of classification or shelving scheme Damaged status Not for loan Collection code Home library Current library Shelving location Date acquired Total Checkouts Full call number Barcode Date last seen Copy number Price effective from Koha item type
    Library of Congress Classification     Main Collection ARRUPE LIBRARY ARRUPE LIBRARY Main Collection 05/03/2013   BV830.K45 2000 46003094622 05/03/2013 1 05/03/2013 Monograph ( Printed materials)
    Library of Congress Classification     Main Collection ARRUPE LIBRARY ARRUPE LIBRARY Main Collection 09/05/2019   BV830.K45 2000 46003071365 09/05/2019   09/05/2019 Monograph ( Printed materials)

 

Arrupe Library. PO Box MP320 Mt Pleasant, Harare, Zimbabwe
263 242 745411|librarian@aju.ac.zw